000 00855nam a2200253 i 4500
001 102831
003 ES-MaACL
007 t|
008 051213s1975 sp af ||||1| spa d
020 _a84-7385-007-8
080 _a860-17"15"
080 _a76 Zachrisson, Julio
100 1 _aMontesino, Bugeo.
_982587
245 1 0 _aCarajicomedia /
_c[por] fray Bugeo Montesino ; ilustrada con 10 aguafuertes y viñetas entre texto, de Julio Zachrison ; [nota preliminar de Luis Montañés].
260 _aMadrid :
_bGisa,
_c1975.
300 _aIX, 47 p., [9] h. de lám. :
_bil. ;
_c54 cm.
490 1 _aTorculum ;
_v4
500 _aEjemplar numerado de una tirada de 151.
700 1 _aMontañés Fontenla, Luis.
_982396
700 1 _aZachrisson, Julio.
_9117819
830 0 _aTorculum ;
_v4
_9184690
852 _aES-MaACL
_jGF-60
999 _c102831
_d102831